00789nam a2200205Ia 4500003000900000008004100009020001800050040001600068080002400084111005800108245024100166260003400407300001600441650001700457650001100474650002000485700002500505700002400530700002900554IN-BaIIA211028s9999 xx 000 0 eng d a0-540-53436-9 cIIA Library a523.947(082.2)bULM aInternational ConferencecHeidelbergd1990 June 5 - 8 0aMechanisms of chromospheric and coronal heatingbproceedings of the International conference held in Heidelberg, 5 - 8 June, 1990cedited by Peter Ulmschneider, Eric R. Priest and Robert Rosner  aBerlinbSpringer-Verlagc1991 aIxiv, 649p. aChromosphere aCorona aCoronal Heating aPriest, Eric R., ed. aRosner, Robert, ed. aUlmschneider, Peter, ed.